| 000 | 00528nam a2200181 i 4500 | ||
|---|---|---|---|
| 001 | 9995 | ||
| 003 | ES-MaACL | ||
| 005 | 20230906145810.0 | ||
| 008 | 940720s1993 xxk ||||1| eng d | ||
| 020 | _a0-330-31317-7 | ||
| 080 | _a821.111-31"19" | ||
| 100 | 1 |
_aLowry, Malcolm. _974391 |
|
| 245 | 1 | 0 |
_aUnder the volcano / _cMalcolm Lowry ; with an introduction by Stephen Spender. |
| 260 |
_aLondon : _bPicador, _c1993. |
||
| 300 |
_aXXVI, 375 p. ; _c20 cm. |
||
| 700 | 1 |
_aSpender, Stephen. _9107690 |
|
| 852 |
_aES-MaACL _jL-17503 |
||
| 999 |
_c9995 _d9995 |
||